Top 25 Most Dangerous Countries - Statistics

General Stats
  • This quiz has been taken 34 times
  • The average score is 18 of 25
Answer Stats
Rank Answer % Correct
1 Afghanistan
89%
10 DR Congo
86%
15 Nigeria
82%
4 South Sudan
82%
9 Sudan
82%
23 Central African Republic
79%
7 Iraq
79%
19 Mali
79%
6 Somalia
79%
3 Yemen
79%
24 Chad
75%
21 Iran
75%
8 Libya
75%
2 Syria
75%
14 Venezuela
75%
11 Pakistan
71%
25 Ethiopia
68%
16 Mexico
68%
22 North Korea
68%
17 Colombia
64%
12 Haiti
61%
13 Myanmar
61%
18 El Salvador
57%
5 Ukraine
57%
20 Burkina Faso
54%
No matching quizzes found
Score Distribution
Percent of People with Each Score
Percentile by Number Answered
Your Score History
You have not taken this quiz